| 000 | 01357cam a22003014a 4500 | ||
|---|---|---|---|
| 999 |
_c8791 _d8791 |
||
| 001 | 13781980 | ||
| 003 | GBCCL | ||
| 005 | 20241126110658.0 | ||
| 008 | 041115s2004 paua 000 0 eng | ||
| 010 | _a 2004027070 | ||
| 040 |
_aDLC _cDLC _dDLC |
||
| 042 | _apcc | ||
| 050 | 0 | 0 |
_aBT966.3 _b.B83 2004 |
| 082 | 0 | 0 |
_a235.3 _222 _bBUC |
| 100 | 1 |
_aBuck, Roland. _915455 |
|
| 245 | 1 | 0 |
_aAngels on assignment / _cby Charls andFrances Hunter as told by Roland Buck. |
| 260 |
_aKingwood, Texas : _bHunter books, _c1979. |
||
| 300 |
_a204 p. : _bill. ; _c23 cm. |
||
| 505 | 0 | _aEncounter -- Good news for you and your family -- Ministry of angels -- My visit to the throne room -- Sequel to the throne room -- God's priorities -- He tasted death -- You are covered (atonement) -- God's warning signals -- When God says thanks! -- Mission Philippines -- Michael and his angels -- Angels on assignment -- He is coming again! | |
| 600 | 0 | 0 |
_aGabriel _c(Archangel) _915456 |
| 650 | 0 |
_aAngels _xChristianity. _915457 |
|
| 650 | 0 |
_aBuck, Roland. _915455 |
|
| 650 | 0 |
_aPrivate revelations. _915458 |
|
| 856 | 4 | 1 |
_3Table of contents _uhttp://www.loc.gov/catdir/toc/ecip054/2004027070.html |
| 906 |
_a7 _bcbc _corignew _d1 _eecip _f20 _gy-gencatlg |
||
| 942 |
_2ddc _cBK |
||